[Event "Chesstiger´s Game!"]
[Site "http://www.queenalice.com/game.php?id=483016"]
[Date "2008.10.25"]
[Round "-"]
[White "Chesstiger"]
[Black "iwanikow"]
[Result "1-0"]
[WhiteElo "1778"]
[BlackElo "1639"]

1. e4 Nf6 2. e5 Nd5 3. c4 Nf4 4. d4 Ng6 5. f4 e6 6. Nf3 Bb4+ 7. Nc3 b6 8. Be3
O-O 9. g3 Bb7 10. Bg2 d5 11. cxd5 Bxc3+ 12. bxc3 Bxd5 13. O-O Nd7 14. Qd3 f5 15.
Ng5 Bxg2 16. Kxg2 c5 17. Nxe6 Qe7 18. Nc7 Rad8 19. Nd5 cxd4 20. Nxe7+ Nxe7 21.
cxd4 Nc5 22. Qc4+ Kh8 23. dxc5 bxc5 24. Qxc5 Ng6 25. Qxa7 Rd3 26. Rfd1 Rxd1 27.
Rxd1 h5 28. Rd7 Rg8 29. e6 h4 30. Bd4 1-0

[Event "Chesstiger´s Game!"]
[Site "http://www.queenalice.com/game.php?id=483018"]
[Date "2008.10.25"]
[Round "-"]
[White "Chesstiger"]
[Black "leafar"]
[Result "1-0"]
[WhiteElo "1834"]
[BlackElo "1623"]

1. e4 e5 2. Nf3 d6 3. Bc4 Be7 4. Nc3 Nc6 5. d3 Nf6 6. Bg5 Bg4 7. Bxf6 Bxf6 8.
Nd5 O-O 9. c3 Na5 10. Ne3 Bxf3 11. Qxf3 Nxc4 12. Nxc4 b5 13. Ne3 c5 14. Nd5 Bg5
15. O-O a5 16. b3 a4 17. Qe2 axb3 18. axb3 Rxa1 19. Rxa1 f5 20. f3 fxe4 21. dxe4
Qd7 22. Ra5 b4 23. c4 Qd8 24. Ra4 Bf4 25. g3 Bg5 26. Kg2 h5 27. Ra7 Rf7 28. Rxf7
Kxf7 29. f4 Bf6 30. Qxh5+ g6 31. Qh7+ Ke6 32. Qxg6 exf4 33. Nxf4+ Ke5 34. Qf5+
Kd4 35. Ne6+ 1-0

[Event "Chesstiger´s Game!"]
[Site "http://www.queenalice.com/game.php?id=483028"]
[Date "2008.10.26"]
[Round "-"]
[White "Chesstiger"]
[Black "patrick"]
[Result "0-1"]
[WhiteElo "1838"]
[BlackElo "1475"]

1. e4 e6 2. d4 Nf6 3. Bg5 d5 4. e5 h6 5. Bh4 g5 6. Bg3 Nfd7 7. Qh5 Rh7 8. Bd3
Rg7 9. Qxh6 c6 10. Nd2 Rg8 11. Qh5 Qb6 12. Nb3 c5 13. dxc5 Nxc5 14. Nf3 Ne4 15.
Bxe4 dxe4 16. Nxg5 Rg7 17. O-O e3 18. Ne4 Kd8 19. Rad1+ Bd7 20. Bh4+ Ke8 21.
Nf6+ Kd8 22. Nd5+ Ke8 23. Nxb6 axb6 24. a3 Ra4 25. f4 Nc6 26. Qe2 Bc5 0-1

[Event "Chesstiger´s Game!"]
[Site "http://www.queenalice.com/game.php?id=483029"]
[Date "2008.10.26"]
[Round "-"]
[White "Chesstiger"]
[Black "jope"]
[Result "1-0"]
[WhiteElo "1804"]
[BlackElo "1816"]

1. e4 c5 2. Bc4 d6 3. Nc3 e5 4. d3 h6 5. Be3 a6 6. a4 Nf6 7. Nge2 Be7 8. O-O O-O
9. Ng3 Bg4 10. f3 Be6 11. b3 Bxc4 12. bxc4 Nbd7 13. Nd5 Nxd5 14. exd5 Nf6 15.
Qd2 Kh7 16. Nf5 Ng8 17. f4 g6 18. Ng3 f5 19. fxe5 dxe5 20. Rab1 f4 21. Ne4 fxe3
22. Qxe3 b6 23. Ng3 Bf6 24. Ne4 Bg5 25. Nxg5+ hxg5 26. Rxf8 Qxf8 27. Qxe5 Kh6
28. Qh8# 1-0

[Event "Chesstiger´s Game!"]
[Site "http://www.queenalice.com/game.php?id=483030"]
[Date "2008.10.26"]
[Round "-"]
[White "jope"]
[Black "Chesstiger"]
[Result "1-0"]
[WhiteElo "1766"]
[BlackElo "1790"]

1. e4 e5 2. Nf3 Nc6 3. Bb5 Nd4 4. Nxd4 exd4 5. c3 Qg5 6. Qf3 Qxb5 7. cxd4 d6 8.
Nc3 Qd7 9. h3 g6 10. d3 Bg7 11. Be3 c6 12. O-O Ne7 13. Rfe1 O-O 14. Ne2 f5 15.
Qg3 b5 16. Rab1 a5 17. Rbd1 h6 18. Qh4 Kh7 19. d5 Bxb2 20. Qxh6+ Kg8 21. Nf4 Bg7
22. Qh4 Kf7 23. Qg3 Rh8 24. Kf1 Be5 25. d4 Bf6 26. dxc6 Qxc6 27. d5 Qe8 28. Ne6
Bxe6 29. dxe6+ Kxe6 30. Bg5 Bxg5 31. Qxg5 Kd7 32. Qf4 Ra6 33. e5 Qc8 34. exd6
Ng8 35. Qe5 Nh6 36. Qe7+ 1-0

[Event "Chesstiger´s Game!"]
[Site "http://www.queenalice.com/game.php?id=483039"]
[Date "2008.10.26"]
[Round "-"]
[White "pedroingles"]
[Black "Chesstiger"]
[Result "1-0"]
[WhiteElo "1475"]
[BlackElo "1820"]

1. c4 e5 2. Nc3 Nf6 3. g3 g6 4. e4 Bg7 5. Bg2 Nc6 6. d3 Nd4 7. Nge2 Nxe2 8. Qxe2
c6 9. Be3 O-O 10. O-O-O d6 11. f4 Bg4 12. Bf3 Bxf3 13. Qxf3 Qe7 14. Qf2 b6 15.
Qd2 Ng4 16. Rdg1 Rab8 17. f5 Nxe3 18. Qxe3 h6 19. g4 g5 20. Qe1 f6 21. h4 Kf7
22. hxg5 fxg5 23. Rf1 Kf6 24. Rf2 Rh8 25. Ne2 c5 26. Ng3 a5 27. Nh5+ Kf7 28.
Nxg7 Kxg7 29. f6+ Qxf6 30. Rxf6 Kxf6 31. Rf1+ Kg6 32. Rf5 Rhf8 33. Qh1 Rxf5 34.
Qh5+ Kg7 35. gxf5 1-0

[Event "Chesstiger´s Game!"]
[Site "http://www.queenalice.com/game.php?id=483042"]
[Date "2008.10.26"]
[Round "-"]
[White "Fura"]
[Black "Chesstiger"]
[Result "1/2-1/2"]
[WhiteElo "1890"]
[BlackElo "1816"]

1. e4 e5 2. Nf3 Nc6 3. Bb5 Nd4 4. Nxd4 exd4 5. c3 c6 6. Bc4 b5 7. Bd3 Qg5 8. O-O
Bd6 9. cxd4 Bf4 10. e5 Ne7 11. Be4 Bxh2+ 12. Kxh2 Qf4+ 13. Kg1 Qxe4 14. Re1 Qg6
15. Nc3 O-O 16. Re3 Bb7 17. Rg3 Qe6 18. d3 Nf5 19. Rh3 Nxd4 20. Qh5 Qg6 21. Ne4
c5 22. Ng5 h6 23. Qh4 Nf5 24. Qf4 hxg5 25. Qh2 Nh6 26. f4 gxf4 27. Bxf4 Rae8 28.
Bxh6 Re6 29. Be3 f5 30. exf6 Rexf6 31. Bxc5 d6 32. Rh8+ Kf7 33. Rxf8+ Kxf8 34.
Bd4 Rf5 35. Re1 Rh5 36. Qf4+ Rf5 37. Qxf5+ Qxf5 38. Rf1 Qxf1+ 39. Kxf1 a5 40.
Ke1 Bxg2 41. Kd2 Bd5 42. b3 a4 43. Kc3 Bc6 44. b4 g5 45. Bf2 Kf7 46. Be3 g4 47.
Bf4 d5 48. d4 Kf6 49. Kd3 1/2-1/2

[Event "Chesstiger´s Game!"]
[Site "http://www.queenalice.com/game.php?id=483043"]
[Date "2008.10.26"]
[Round "-"]
[White "Chesstiger"]
[Black "catalan"]
[Result "1-0"]
[WhiteElo "1788"]
[BlackElo "1826"]

1. e4 e5 2. Nf3 d6 3. Bc4 Bg4 4. h3 Bh5 5. g4 Bg6 6. d3 Nc6 7. c3 Be7 8. Be3 Nf6
9. g5 Nd7 10. h4 Bh5 11. Nbd2 Na5 12. b4 Nxc4 13. dxc4 h6 14. Qe2 c6 15. a4 Bg6
16. O-O-O a5 17. b5 Nc5 18. Bxc5 dxc5 19. Nb3 Qb6 20. Nxe5 cxb5 21. cxb5 h5 22.
c4 Bd6 23. Nxg6 fxg6 24. e5 Be7 25. Rd5 O-O 26. Rhd1 Qe6 27. Nxc5 Qh3 28. Nd3
Rad8 29. Qe4 Qc8 30. f4 Rxd5 31. Qxd5+ Kh8 32. Kb2 Rd8 33. Qe4 Kh7 34. Nf2 Bc5
35. Rxd8 Qxd8 36. Nd3 Bd4+ 37. Kb3 Ba1 38. Qd5 Qe7 39. c5 b6 40. Qd6 Qb7 41. c6
Qc8 42. e6 1-0

[Event "Chesstiger´s Game!"]
[Site "http://www.queenalice.com/game.php?id=483045"]
[Date "2008.10.26"]
[Round "-"]
[White "Chesstiger"]
[Black "Kamikase"]
[Result "1-0"]
[WhiteElo "1819"]
[BlackElo "1802"]

1. e4 e5 2. Nf3 Nc6 3. Bc4 h6 4. Nc3 Nf6 5. d4 exd4 6. Nxd4 Ne5 7. Bb3 Bb4 8.
Ne2 Nxe4 9. Qd5 Nxc3 10. Qxe5+ Qe7 11. Qxe7+ Kxe7 12. bxc3 Bc5 13. Nd4 Re8 14.
O-O Kf8 15. Bb2 d6 16. Rfe1 Rxe1+ 17. Rxe1 Bd7 18. Bd5 c6 19. Bf3 d5 20. Nb3 Bd6
21. g3 a5 22. Nd4 c5 23. Nb3 Be6 24. a4 b6 25. c4 Re8 26. cxd5 Bd7 27. Ra1 f5
28. c4 f4 29. Bh5 Re7 30. Kg2 fxg3 31. fxg3 g6 32. Bf3 Re3 33. Nd2 g5 34. Ne4
Bb8 35. Kf2 Rd3 36. Be2 Rb3 37. Bc3 Bf5 38. Bd1 Rxc3 39. Nxc3 Be5 40. Rc1 Bd4+
41. Ke2 Bg4+ 42. Kd2 Bd7 43. g4 Be5 44. h3 Bf4+ 45. Kc2 Bxc1 46. Kxc1 Kf7 47.
Kd2 Kf6 48. Ke3 Ke5 49. Ne4 Be8 50. Ng3 Bf7 51. Bc2 1-0

[Event "Chesstiger´s Game!"]
[Site "http://www.queenalice.com/game.php?id=483059"]
[Date "2008.10.26"]
[Round "-"]
[White "Chesstiger"]
[Black "ulisses34"]
[Result "1-0"]
[WhiteElo "1829"]
[BlackElo "1713"]

1. e4 e5 2. Nf3 d6 3. Bc4 Bd7 4. d4 h6 5. dxe5 dxe5 6. Nxe5 Qe7 7. Qh5 Be6 8.
Bxe6 Qxe6 9. f4 Nf6 10. Qe2 Nbd7 11. Nxd7 Nxd7 12. Nc3 Bb4 13. Bd2 Nb6 14. O-O
O-O 15. f5 Qc6 16. Qf3 Nc4 17. Bf4 Nxb2 18. Nd5 Bc5+ 19. Kh1 Rae8 20. Rab1 Nc4
21. Rb3 Bd6 22. Rc3 b5 23. e5 Bxe5 24. Bxe5 Rxe5 25. Ne7+ Rxe7 26. Qxc6 Nd2 27.
Rd1 Ne4 28. Rf3 Ng5 29. Ra3 Rfe8 30. Rf1 Re1 31. Qxb5 c6 32. Qd3 f6 33. Rxa7 Kh7
34. Kg1 R1e5 35. h4 Ne4 36. Qd7 Rg8 37. Qxc6 Ng3 38. Rd1 Ne2+ 39. Kh2 Rxf5 40.
Rdd7 Kg6 41. Qe4 Nf4 42. Rxg7+ 1-0

[Event "Simultan at 2700 -22."]
[Site "http://www.queenalice.com/game.php?id=507409"]
[Date "2008.12.14"]
[Round "-"]
[White "Gambitshark"]
[Black "Chesstiger"]
[Result "1-0"]
[WhiteElo "2745"]
[BlackElo "1840"]

1. d4 d5 2. c4 c6 3. cxd5 cxd5 4. Nc3 Nf6 5. Bf4 g6 6. e3 a6 7. Rc1 Nc6 8. Nf3
Bg7 9. Ne5 O-O 10. Be2 Nxe5 11. Bxe5 Ne4 12. Bxg7 Nxc3 13. Rxc3 Kxg7 14. Qb3 e6
15. O-O b5 16. Rfc1 Bd7 17. Qb4 Qb6 18. Qe7 Ra7 19. Qg5 f6 20. Qg3 Rf7 21. h4 b4
22. Rc5 Ba4 23. h5 Be8 24. hxg6 hxg6 25. Bd3 Rfe7 26. Rc8 Bf7 27. Bxg6 Bxg6 28.
Rg8+ Kxg8 29. Qxg6+ 1-0

[Event "Challenge"]
[Site "http://www.queenalice.com/game.php?id=600472"]
[Date "2009.6.8"]
[Round "-"]
[White "chaosagent"]
[Black "Chesstiger"]
[Result "1/2-1/2"]
[WhiteElo "1754"]
[BlackElo "1854"]

1. e4 e5 2. Nf3 Nc6 3. Bb5 Nge7 4. Nc3 g6 5. O-O Bg7 6. d3 O-O 7. Bg5 d6 8. Bxc6
bxc6 9. Re1 Bg4 10. h3 Be6 11. d4 exd4 12. Nxd4 Qd7 13. Nxe6 fxe6 14. Bh4 Bxc3
15. bxc3 e5 16. Bg5 Kg7 17. Qd3 h6 18. Bd2 Rab8 19. Qg3 Rf6 20. h4 a6 21. Rab1
Rb6 22. Qe3 Ng8 23. c4 c5 24. Ba5 Rxb1 25. Rxb1 Qc6 26. Rb8 Rf7 27. f3 Rf8 28.
Qb3 Nf6 29. Qb7 Qxb7 30. Rxb7 Rf7 31. Rxc7 Rxc7 32. Bxc7 Ne8 33. Ba5 Kf6 1/2-1/2

[Event "Chesstiger and You!"]
[Site "http://www.queenalice.com/game.php?id=642515"]
[Date "2009.8.26"]
[Round "-"]
[White "glasiq"]
[Black "Chesstiger"]
[Result "1-0"]
[WhiteElo "1864"]
[BlackElo "1870"]

1. d4 e5 2. dxe5 Nc6 3. Nf3 Qe7 4. Qd5 h6 5. Nc3 a6 6. e4 g6 7. Bc4 Bg7 8. Bf4
b5 9. Bb3 Bb7 10. O-O-O Na5 11. Qxf7+ Qxf7 12. Bxf7+ Kxf7 13. Rxd7+ Kf8 14. Rxc7
b4 15. Nd5 Bxd5 16. exd5 Ne7 17. d6 Nd5 18. Rc5 Nxf4 19. Rxa5 Kf7 20. Nd4 Rhe8
21. g3 Ne6 22. Nxe6 Rxe6 23. f4 h5 24. Rd1 Ke8 25. Rd4 Kd7 26. Rxb4 Ra7 27. c4
Bh6 28. Kc2 Kc6 29. Kd3 Re8 30. Ke4 Re6 31. c5 Bg7 32. Rb6+ Kd7 33. Kd5 Bf8 34.
c6+ 1-0

[Event "Chesstiger and you!"]
[Site "http://www.queenalice.com/game.php?id=642516"]
[Date "2009.8.26"]
[Round "-"]
[White "chuckvondra"]
[Black "Chesstiger"]
[Result "1-0"]
[WhiteElo "1953"]
[BlackElo "1850"]

1. e4 e5 2. Nf3 Nc6 3. Bb5 Nge7 4. O-O g6 5. c3 Bg7 6. d4 a6 7. Bxc6 bxc6 8.
dxe5 O-O 9. Bg5 d6 10. Bf6 Bg4 11. h3 Be6 12. Na3 Re8 13. Ng5 Qd7 14. Bxg7 Kxg7
15. Nxe6+ Qxe6 16. exd6 cxd6 17. Re1 f6 18. Nc2 c5 19. f3 Rab8 20. b3 Nc6 21.
Qd5 Qd7 22. Rad1 Re6 23. Rd2 Nd8 24. Red1 Nb7 25. Ne3 Rd8 26. Qc4 Ra8 27. b4
cxb4 28. cxb4 a5 29. a3 Kf7 30. Rc1 axb4 31. Qxb4 Ra6 32. Nd5 Ra4 33. Rc7 Qxc7
34. Nxc7 Rxb4 35. axb4 Re5 36. Rd5 Ke7 37. Kf2 Nd8 38. Ke3 Kd7 39. Na6 Nb7 40.
Rxe5 dxe5 41. Kd3 Nd6 42. Kc3 Kc6 43. Kb3 Nb5 44. Ka4 Kb6 45. Nc5 Nc7 46. Nd7+
Kc6 47. Nxf6 h6 48. Ng4 1-0

[Event "Both Games Please"]
[Site "http://www.queenalice.com/game.php?id=684609"]
[Date "2009.11.18"]
[Round "-"]
[White "Chesstiger"]
[Black "Noyender"]
[Result "1-0"]
[WhiteElo "1858"]
[BlackElo "1764"]

1. e4 e5 2. Nf3 Bc5 3. Nxe5 d6 4. Nf3 Bg4 5. Bc4 Nf6 6. O-O Nxe4 7. d3 Bxf2+ 8.
Rxf2 Nxf2 9. Kxf2 Nd7 10. Bxf7+ Kxf7 11. Ng5+ Kg6 12. Qxg4 Rf8+ 13. Kg1 Ne5 14.
Qe4+ Kh5 15. Qxh7+ Kg4 16. h3+ Kg3 17. Ne4# 1-0

[Event "Challenge"]
[Site "http://www.queenalice.com/game.php?id=711622"]
[Date "2010.1.10"]
[Round "-"]
[White "ymfrancois"]
[Black "Chesstiger"]
[Result "0-1"]
[WhiteElo "1793"]
[BlackElo "1834"]

1. c4 b5 2. e4 Bb7 3. d3 bxc4 4. b4 cxd3 5. Qxd3 e5 6. a3 g6 7. Nc3 Bg7 8. Qd1
Nf6 9. Bd3 O-O 10. Rb1 d5 11. exd5 Nxd5 12. Nxd5 Qxd5 13. f3 Rd8 14. Be2 c6 15.
Bb2 a6 16. Nh3 h6 17. Nf2 Qxd1+ 18. Rxd1 Rxd1+ 19. Bxd1 Nd7 20. O-O Nb6 21. Ne4
Rd8 22. Nc5 Bc8 23. Bb3 Bf8 24. Bxe5 Bxc5+ 25. bxc5 Nd5 26. Rd1 Be6 27. Bd6 Nc3
28. Rd3 Nd5 29. Bc7 Rd7 30. Bd6 Ra7 31. Bxd5 Bxd5 32. Rd4 f6 33. a4 Rb7 34. Kf2
Kf7 35. g4 Rb2+ 36. Kg3 Rb3 37. Rf4 Ke6 38. h4 Ra3 39. Bf8 g5 40. hxg5 hxg5 41.
Rf5 Rxa4 42. Bg7 Rf4 43. Bxf6 Rxf5 44. gxf5+ Kxf5 45. Be7 a5 46. Bd8 a4 47. Ba5
a3 48. Bc3 a2 49. Bb2 Bc4 50. Kf2 Ke6 51. Kg3 Kd5 52. Kg4 Kxc5 53. Kxg5 Bd3 54.
f4 Kb4 55. f5 Kb3 56. Bg7 Bc4 57. Be5 Kc2 58. Kf6 Bb3 59. Ke7 c5 60. f6 Bd5 61.
Kd6 c4 62. Kc5 Bg8 0-1

[Event "Challenge"]
[Site "http://www.queenalice.com/game.php?id=713205"]
[Date "2010.1.13"]
[Round "-"]
[White "Chesstiger"]
[Black "chaosagent"]
[Result "1/2-1/2"]
[WhiteElo "1839"]
[BlackElo "1702"]

1. e4 c6 2. Bc4 d5 3. exd5 cxd5 4. Bb3 Nf6 5. d4 e6 6. a3 Nc6 7. Nf3 Bd7 8. O-O
h6 9. c4 Be7 10. Nc3 O-O 11. c5 b6 12. cxb6 axb6 13. Bf4 g5 14. Bxg5 hxg5 15.
Nxg5 e5 16. dxe5 Nxe5 17. f4 Bc5+ 18. Kh1 Nc4 19. Bxc4 dxc4 20. f5 Bc6 21. Qe1
Nd7 22. Qg3 f6 23. Ne6+ Kf7 24. Qg7+ Ke8 25. Nxd8 Kxd8 26. Rad1 Kc7 27. Qg3+ Kb7
28. Rxd7+ Bxd7 29. Nd5 Rac8 30. Qg7 Kc6 31. Nxf6 Rc7 32. Nxd7 Rxd7 33. Qg3 Rdf7
34. Qf3+ Kc7 35. g4 Bd4 36. Qf4+ Kc6 37. Qxd4 Rd7 38. Qxc4+ Kb7 39. Qe4+ 1/2-1/2

[Event "Challenge"]
[Site "http://www.queenalice.com/game.php?id=718341"]
[Date "2010.1.22"]
[Round "-"]
[White "Sigmund"]
[Black "Chesstiger"]
[Result "0-1"]
[WhiteElo "1806"]
[BlackElo "1844"]

1. e4 e5 2. Nf3 Nc6 3. Bc4 Nd4 4. Nxe5 Qg5 5. Ng4 d6 6. f3 Bxg4 7. fxg4 Nf6 8.
c3 Ne6 9. h3 Qh4+ 10. Kf1 Nxe4 11. Qf3 N6g5 12. Bxf7+ Kd8 13. Qf4 Ng3+ 14. Ke1
Nxh1+ 15. Kf1 Ng3+ 16. Kf2 N3e4+ 17. Ke3 Qe1+ 18. Kd3 Qxc1 19. h4 Nc5+ 20. Kc4
b5+ 21. Kxb5 Qxb2+ 22. Kc6 Qb7# 0-1

[Event "Let's Play Chess!"]
[Site "http://www.queenalice.com/game.php?id=719086"]
[Date "2010.1.23"]
[Round "-"]
[White "robledo"]
[Black "Chesstiger"]
[Result "1-0"]
[WhiteElo "2163"]
[BlackElo "1858"]

1. e4 e5 2. Nf3 Nc6 3. Bb5 Nge7 4. O-O g6 5. c3 Bg7 6. d4 a6 7. Bxc6 Nxc6 8. d5
Ne7 9. d6 Nc6 10. Bg5 f6 11. Be3 O-O 12. Nbd2 cxd6 13. Nc4 Qe7 14. Qb3 Kh8 15.
Rfd1 b5 16. Nxd6 Na5 17. Qd5 Rb8 18. Ba7 Nc6 19. Bxb8 Nxb8 20. Qa8 Nc6 21. Nxc8
Qd8 22. Qxa6 Qxc8 23. Qxc8 Rxc8 24. Rxd7 Bf8 25. Rad1 Kg8 26. g3 Bc5 27. R1d5
Bf8 28. Rxb5 Ne7 29. a4 Ra8 30. b3 Nc6 31. Rb6 1-0

[Event "Challenge"]
[Site "http://www.queenalice.com/game.php?id=737129"]
[Date "2010.2.24"]
[Round "-"]
[White "Chesstiger"]
[Black "cyrillt"]
[Result "1-0"]
[WhiteElo "1848"]
[BlackElo "1800"]

1. e4 e5 2. Bc4 Nf6 3. Nc3 c6 4. Nf3 Nxe4 5. Bxf7+ Kxf7 6. Nxe5+ Kg8 7. Nxe4 d5
8. Qh5 Be6 9. Ng3 Qf6 10. d4 g6 11. Qe2 Bb4+ 12. c3 Bd6 13. Ng4 Qe7 14. Nh6+ Kg7
15. O-O Nd7 16. b4 Rhf8 17. Re1 Rae8 18. Bd2 b6 19. Ng4 Bxg4 20. Qxg4 Qf7 21.
Be3 Nf6 22. Qh3 h5 23. Nf1 Ng4 24. Re2 Bf4 25. Rae1 Qf5 26. Bxf4 Qxf4 27. f3
Rxe2 28. Rxe2 c5 29. Qh4 cxd4 30. Re7+ Kh6 31. Qe1 Qg5 32. fxg4 hxg4 33. cxd4
Qf6 34. Qe3+ g5 35. Re6 Kg6 36. Rxf6+ Rxf6 37. Ng3 Rc6 38. Qe8+ Kg7 39. Qxc6 Kf7
40. Qxd5+ Ke8 41. Qxg5 Kd7 42. Ne4 Kc7 43. Qe7+ Kc6 44. Qd6+ Kb5 45. Kf2 a5 46.
a4+ Ka6 47. b5+ Kb7 48. Qd7+ Kb8 49. Nd6 g3+ 50. Kf3 Ka8 51. Qb7# 1-0

[Event "Challenge"]
[Site "http://www.queenalice.com/game.php?id=769477"]
[Date "2010.5.2"]
[Round "-"]
[White "Chesstiger"]
[Black "Esvir"]
[Result "0-1"]
[WhiteElo "1854"]
[BlackElo "1887"]

1. e4 c5 2. Bc4 Nc6 3. Nf3 e5 4. Nc3 Nf6 5. O-O h6 6. d3 a6 7. a3 Be7 8. Nd5 b5
9. Ba2 O-O 10. c3 Bb7 11. h3 d6 12. Be3 a5 13. Qd2 Nxd5 14. Bxd5 b4 15. c4 Qd7
16. Bxh6 gxh6 0-1